América Latina: proceso interno y orden mundial /
Guardado en:
| Hovedforfatter: | |
|---|---|
| Andre forfattere: | |
| Format: | Texto |
| Udgivet: |
Santiago:
FLACSO
|
| Fag: | |
| Tags: |
Tilføj Tag
Ingen Tags, Vær først til at tagge denne postø!
|
MARC
| LEADER | 00000 a a2200000 04500 | ||
|---|---|---|---|
| 001 | 16494 | ||
| 003 | |||
| 040 | |||
| 090 | |a EXTRAVIADO | ||
| 100 | |a Cardoso, Fernando Henrique | ||
| 245 | |a América Latina: proceso interno y orden mundial / |c Fernando Cardoso Henrique | ||
| 260 | |a Santiago: |b FLACSO | ||
| 300 | |a 62 p. | ||
| 650 | |a POLITICA | ||
| 700 | |a Faletto, Enzo | ||
| 999 | |c 15452 |d 15452 | ||
